000 00508nam a2200181Ia 4500
999 _c29489
_d29489
003 OSt
005 20210105124216.0
008 190216s9999||||xx |||||||||||||| ||und||
020 _a9788126422036
040 _coclc
082 _a500
_bBRY/P
100 _a Bryson, Bill
_97668
245 0 _aPrapancha Mahakatha /
_cBill Bryson ; Santhosh Kumar
260 _bDc Books,
_aKottayam:
_c2003.
300 _a580p
650 _aYathravivaranam
942 _cBK
_2ddc
_h500
_iBRY/P
_k500
_mBRY/P